Humility and agility: The life of a hotelier (Record no. 395660)

MARC details
000 -LEADER
fixed length control field 00512 a2200193 4500
005 - DATE & TIME
control field 20260409124328.0
008 - FIXED-LENGTH DATA ELEMENTS--GENERAL INFORMATION
fixed length control field 260409b |||||||| |||| 00| 0 eng d
020 ## - ISBN
International Standard Book Number 9789390951581
Price Rs. 795.00
040 ## - CATALOGING SOURCE
Original cataloging agency VIVEKANANDA LIBRARY
082 ## - DDC NUMBER
Classification number 647.94092
Book Number K113H
100 ## - MAIN ENTRY--PERSONAL NAME
Personal name Kachru K B
245 ## - TITLE STATEMENT
Title Humility and agility: The life of a hotelier
260 ## - PUBLICATION, DISTRIBUTION, ETC. (IMPRINT)
Name of publisher, distributor, etc AlliedPublishers
Date of publication, distribution, etc 2023
Place of publication, distribution, etc Noida
300 ## - PHYSICAL DESCRIPTION
Pages xx, 130
650 ## - Subject
Subject Hotel Management
650 ## - Subject
Subject Hospitality Industry
650 ## - Subject
Subject India Tourism
942 ## - ADDED ENTRY ELEMENTS (KOHA)
Koha item type Books
Holdings
Withdrawn status Lost status Source of classification or shelving scheme Damaged status Not for loan Location (home branch) Sublocation or collection (holding branch) Shelving location Date acquired Koha issues (times borrowed) Koha full call number Accession No. Koha date last seen Koha item type
    Dewey Decimal Classification     VIVEKANANDA LIBRARY VIVEKANANDA LIBRARY IHTM Library 21/01/2026   647.94092 K113H 425219 21/01/2026 Books
© Designed and Maintained by Vivekananda Library, MDU Rohtak